000 00641nam a2200205Ia 4500
003 0
005 20250129094225.0
008 190909s9999 xx 000 0 und d
050 _aPGS BF 697
_b.Ag284 2017
100 _aAguirre, Katrina Blanca C.
245 _aHeight and self-esteem /
_cKatrina Blanca C. Aguirre.
260 _aLas PiƱas City, Philippines :
_bSouthville International School and Colleges,
_c2017.
300 _a21 p. :
_bill. ;
_c28 cm.
504 _aIncludes bibliographical references.
650 _aHeight.
650 _aSelf-esteem.
650 _aPhysical stature.
650 _aBody image.
942 _2lcc
_cPASS
999 _c362097
_d362097